00438nam a22001457a 4500003000500000038001800005082000800023100001900031245007100050264003700121300001200158650003100170700003400201856005700235NUST aNusrat Nadeem a200 aNaeem, Ayisha  aAdversarial attacks on Intrusion Detection Systems /cAyisha Naeem aIslamabad :bSEECS, NUST,c2022. a45 p. ; aMS-Electrical Engineering  aSupervisor: Dr. Syed Taha Ali uhttp://10.250.8.41:8080/xmlui/handle/123456789/29969